000 00308nam a2200121Ia 4500
008 150731s2013 xx 000 0 und d
082 _a615.53
_bI 13 M
100 _aMANOHAR,RAMP.
245 _a108 DIVINE NAMES OF DHANVANTARI
260 _bCHAUKHAMBHA PUB. NEW DELHI
_c2013
300 _a110
942 _2ddc
_cBK
999 _c7747
_d7747